000 00780nam a2200229Ia 4500
999 _c47124
_d47124
001 13982
003 GE_BSU
005 20221118151251.0
008 181216s1993||||enk|||||||||||||| ||eng||
020 _a1852304030x
040 _cGE_BSU
041 _aeng
080 _a796(510) K-50
100 _aKiew, Kit Wong.
_915930
245 4 _aThe Art of Chi Kung :
_bMaking the most of your vital energy. A grand master of Chi Kung /
_cWong Kiew Kit.
264 _aBoston:
_bElement,
_c1993.
300 _a162 p.;
_b25 cm.
300 _bill.
653 _aჩი კუნგის ხელოვნება
653 _aთქვენი სასიცოცხლო ენერგიის მაქსიმალური გამოყენება
942 _cBK
_2udc